Obálka
Pro půjčování e-knih musíte být přihlášeni.
Jak si půjčit online?

Kreutzerova sonáta /

Ve světové literatuře je jen málo děl tak slavných jako Tolstého Kreutzerova sonáta. Když v roce 1890 vyšla, způsobila senzaci, která v kulturních dějinách neměla obdoby. Jestliže ji někdo neznal, pak to byl – podle tehdejších zpráv – snad jen negramotný nebo ten, kdo se o literaturu a o vztahy muže...

Celý popis

Uloženo v:
Hlavní autor: Nikolajevič Tolstoj, Lev (Autor)
Další autoři: Fišar, Vlastimil (Autor)
Médium: E-audiokniha
Vydáno: Praha : Supraphon a.s., 2021
Tagy:
Žádné tagy
LEADER 02861nim a22002537i 4500
001 313324
007 sr nunnnnnnned
024 |a 099925185824 
044 |a xr 
100 1 |a  Nikolajevič Tolstoj, Lev  |4 aut 
245 1 0 |a Kreutzerova sonáta /  |c  Nikolajevič Tolstoj, Lev 
264 1 |a Praha :  |b Supraphon a.s.,  |c 2021 
300 |a 1 online zdroj (59 min., 47 sek.) 
336 |a mluvené slovo  |b spw  |2 rdacontent 
337 |a audio  |b s  |2 rdamedia 
338 |a online zdroj  |b cr  |2 rdacarrier 
505 0 0 |t 1. část (29 min., 58 sek.) 
505 0 0 |t 2. část (29 min., 51 sek.) 
520 2 |a Ve světové literatuře je jen málo děl tak slavných jako Tolstého Kreutzerova sonáta. Když v roce 1890 vyšla, způsobila senzaci, která v kulturních dějinách neměla obdoby. Jestliže ji někdo neznal, pak to byl – podle tehdejších zpráv – snad jen negramotný nebo ten, kdo se o literaturu a o vztahy muže a ženy vůbec nezajímal, či kdo žil ve zvlášť zapadlém koutě světa. Podivuhodně smělé a působivé odhalení manželských neladů, jakým tato povídka bezesporu je, nenechalo nikoho lhostejným. Nebylo místa, kde by se o ni nevedly vášnivé spory. Staromilci v Rusku byli pohoršeni až k nepříčetnosti. V jiných zemích bylo zase toto dílo soudně pronásledováno, včetně zemí českých. Boj o Kreutzerovu sonátu trval u nás bezmála dvacet let, než se podařilo výnos soudu zrušit. Tolstého "sexuální" novela, jak bychom ji dnes mohli nazvat, je povídkou o kruté žárlivosti, jež bortí manželství, povídkou o hlubokém rozvratu mezi dvěma lidmi, kteří se kdysi hluboce milovali. Ve svých otázkách, které jsou zde představeny v šokující nahotě – po vztahu mezi čistotou a silnou fyzickou vášní, po vztahu muže a ženy - nepřestane být pravděpodobně nikdy aktuální. Příběh, v němž v kritickém okamžiku sehraje úlohu Beethovenova Kreutzerova sonáta, je pojat jako děsivá analýza lásky a manželství, jako tragický rozvrat mezi dvěma lidmi, kteří se kdysi hluboce milovali. Tolstého „sexuální novela“, jak bychom ji mohli nazvat, je dodnes dílo vyhledávané a čtenářsky přitažlivé. Kreutzerova sonáta je novela ruského spisovatele Lva Nikolajeviče Tolstého píšícího v žánru kritického realismu. Autor se v ní rozepisuje na téma problémů sexuality a vyjadřuje převratné názory ohledně toho, jak by se lidé měli v pohlavním životě chovat 
700 1 |a  Fišar, Vlastimil  |4 nrt 
910 |a RBIT002 
998 |d 403166  |a https://core.palmknihy.cz/api/books/403166/cover?sc3brv  |b https://core.palmknihy.cz/api/books/403166/cover/400?sc3brv  |c https://core.palmknihy.cz/api/books/403166/cover/50?sc3brv  |e 2099-01-01  |i 099925185824  |l 3587  |q 49  |r 1  |s https://www.palmknihy.cz/kniha/403166  |t audiobook  |y 2021  |z 1 
999 |d 313322